In search of Christian leadership qualities and role / (Record no. 143198)

MARC details
000 -LEADER
fixed length control field 00601nam a22001817a 4500
005 - DATE AND TIME OF LATEST TRANSACTION
control field 20170809145620.0
010 ## - LCCN (DPL NO)
LC control number ENG-119600
020 ## - INTERNATIONAL STANDARD BOOK NUMBER
Terms of availability 225.00
International Standard Book Number 9788184655032
035 ## - SYSTEM CONTROL NUMBER
System control number EN-103132
037 ## - SOURCE OF ACQUISITION
Source of stock number/acquisition DBAD/PUB
082 ## - DEWEY DECIMAL CLASSIFICATION NUMBER
Classification number 280.59
100 ## - MAIN ENTRY--PERSONAL NAME
Personal name Zechariah,John
245 ## - TITLE STATEMENT
Title In search of Christian leadership qualities and role /
Statement of responsibility, etc by John Zechariah
260 ## - PUBLICATION, DISTRIBUTION, ETC. (IMPRINT)
Place of publication, distribution, etc Delhi
Name of publisher, distributor, etc The Indian Society for Promoting Christian Knowlewdge(ISPCK))
Date of publication, distribution, etc 2015
270 ## - ADDRESS
Address 1585,1654 Madarsa Road Kashmere Gate
City Delhi
Postal code 110006
300 ## - PHYSICAL DESCRIPTION
Extent xvii,158p.
Dimensions 22cm(pbk)
942 ## - ADDED ENTRY ELEMENTS (KOHA)
Source of classification or shelving scheme Dewey Decimal Classification
Item type English Books
Call number suffix ZEC
Classification part 280.59
Holdings
Withdrawn status Lost status Not for loan Collection code Home library Current library Date acquired Source of acquisition Cost, normal purchase price Full call number Barcode Copy number Cost, replacement price Koha item type
    Not For Loan Non-fiction D.B.Act.Division Bawana 09/08/2017 DBAD/PUB 225.00 280.59 ZEC EN-103132 1 225.00 English Books

© Delhi Public Library
Hit Counter
free hit counter